Tpop Groups - Sudden Death - Statistics

General Stats
  • This quiz has been taken 236 times
  • The average score is 11 of 16
Answers on the Grid
Answers color-coded by a green-red scale on the quiz's grid according to % correct below.
4EVE
ATLAS
BLACKPINK
BNK48
BTS
BUS
Day1
DICE
Dreamcatcher
ENHYPEN
EXO
FELIZZ
Girls’ Generation
HatoBito
LAZ1
LOONA
LYKN
MXFRUIT
NewJeans
NEXT GIRLZ
Ordinary Heroes
Peach you
PERSES
PiXXiE
PROXIE
Red Velvet
SEVENTEEN
Stray Kids
Sugar 'N Spice
TFBoys
VIIS
WayV
 
Answer Stats
Answer % Correct
4EVE
94%
ATLAS
86%
BUS
86%
LYKN
81%
DICE
77%
PiXXiE
77%
PROXIE
77%
BNK48
76%
PERSES
75%
LAZ1
73%
MXFRUIT
73%
VIIS
61%
FELIZZ
60%
Sugar 'N Spice
55%
Peach you
20%
HatoBito
11%
No matching quizzes found
Score Distribution
Percent of People with Each Score
Percentile by Number Answered
Your Score History
You have not taken this quiz